| 000 | 01002nam a22003017a 4500 | ||
|---|---|---|---|
| 001 | 0017879 | ||
| 003 | KOHA_MİRAKIL | ||
| 005 | 20260207002156.0 | ||
| 007 | ta | ||
| 008 | 100609b2005 tu |||gr||||#||||0|tur | | ||
| 020 |
_a975987573X _q |
||
| 040 |
_aTR-BiSEU _btur _cTR-BiSEU _erda |
||
| 041 | 0 | _atur | |
| 044 | _ctu | ||
| 050 |
_aHC492 _b.T87 2005 |
||
| 100 | 1 | _aAtılgan, Ahmet. | |
| 245 | 1 |
_aKonjonktürden trende 2005 Türkiye ekonomisi/ _cAhmet Atılgan ; Ahmet Atılgan. |
|
| 264 | 1 |
_aAnkara : _bHizmet-İş Sendikası _c2005 |
|
| 300 | _a124 sayfa: resimli; 20 cm. | ||
| 336 |
_ametin _btxt _2rdacontent |
||
| 337 |
_aaracısız _bn _2rdamedia |
||
| 338 |
_acilt _bnc _2rdacarrier |
||
| 490 | 1 |
_aHizmet İş Sendikası Eğitim yayınları ; _vno: 37 |
|
| 500 | _aEserde, yazarın resmi ve kısa biyografisi vardır. | ||
| 650 | 0 |
_aEkonomi--Türkiye--2005--Eğitim seminerleri. _941593 |
|
| 830 | 1 |
_aHizmet İş Sendikası Eğitim yayınları ; _vno: 37 _941594 |
|
| 942 |
_2lcc _cBK |
||
| 999 |
_c17836 _d17836 |
||